The contractor's basis of valuation for rating purposes (Record no. 94477)

MARC details
000 -LEADER
fixed length control field 01304cam a2200349 4500
008 - FIXED-LENGTH DATA ELEMENTS--GENERAL INFORMATION
fixed length control field 090401t1995 xxu||||| |||| 00| 0 eng d
020 ## - INTERNATIONAL STANDARD BOOK NUMBER
International Standard Book Number 0854067124
035 ## - SYSTEM CONTROL NUMBER
System control number (Sirsi) u62742
041 0# - LANGUAGE CODE
Language code of text/sound track or separate title eng
050 04 - LIBRARY OF CONGRESS CALL NUMBER
Classification number 336.21 $2 18
090 ## - LOCALLY ASSIGNED LC-TYPE CALL NUMBER (OCLC); LOCAL CALL NUMBER (RLIN)
Classification number (OCLC) (R) ; Classification number, CALL (RLIN) (NR) RICS 1995/104ABCD
110 2# - MAIN ENTRY--CORPORATE NAME
Corporate name or jurisdiction name as entry element Royal Institution of Chartered Surveyors
9 (RLIN) 4900
245 04 - TITLE STATEMENT
Title The contractor's basis of valuation for rating purposes
Remainder of title a guidance note
260 ## - PUBLICATION, DISTRIBUTION, ETC.
Place of publication, distribution, etc. London
Name of publisher, distributor, etc. RICS
Date of publication, distribution, etc. 1995
300 ## - PHYSICAL DESCRIPTION
Extent 16p.
Dimensions 30cm.
350 ## - PRICE (NR) (BK AM CF MU VM SE) [OBSOLETE]
Price 8.95
490 #0 - SERIES STATEMENT
Series statement RICS Guidance Note
520 ## - SUMMARY, ETC.
Summary, etc. Out of date. Superseded by 2nd edition.
520 ## - SUMMARY, ETC.
Summary, etc. Deals with valuation derived from the capital cost of construction. Provides detailed coverage of the method, sateg by stage.
520 ## - SUMMARY, ETC.
Summary, etc. Under review 1 August 2006.
651 #4 - SUBJECT ADDED ENTRY--GEOGRAPHIC NAME
Geographic name England and Wales
Chronological subdivision 1543-
690 ## - LOCAL SUBJECT ADDED ENTRY--TOPICAL TERM (OCLC, RLIN)
Topical term or geographic name as entry element PROPERTY-PROPERTY APPRAISAL AND VALUATION-TAXATION VALUATION
710 2# - ADDED ENTRY--CORPORATE NAME
Corporate name or jurisdiction name as entry element Incorporated Society of Valuers and Auctioneers
9 (RLIN) 1201
710 2# - ADDED ENTRY--CORPORATE NAME
Corporate name or jurisdiction name as entry element Institute of Revenues, Rating and Valuation
9 (RLIN) 2992
710 2# - ADDED ENTRY--CORPORATE NAME
Corporate name or jurisdiction name as entry element Valuation Office Agency
9 (RLIN) 3141
710 2# - ADDED ENTRY--CORPORATE NAME
Corporate name or jurisdiction name as entry element Valuation and Lands Agency
9 (RLIN) 966
710 2# - ADDED ENTRY--CORPORATE NAME
Corporate name or jurisdiction name as entry element Scottish Assessors' Association
9 (RLIN) 968
710 2# - ADDED ENTRY--CORPORATE NAME
Corporate name or jurisdiction name as entry element Joint Professional Institutions' Rating Valuation Forum
9 (RLIN) 972
942 ## - ADDED ENTRY ELEMENTS (KOHA)
Suppress in OPAC 0
948 ## - LOCAL PROCESSING INFORMATION (OCLC); SERIES PART DESIGNATOR (RLIN)
c (OCLC) 04/03/1997
Holdings
Withdrawn status Lost status Source of classification or shelving scheme Damaged status Not for loan Home library Current library Shelving location Date acquired Cost, normal purchase price Total Checkouts Full call number Barcode Date last seen Copy number Cost, replacement price Price effective from Koha item type Date last checked out
    Dewey Decimal Classification     London London RICS Boxes 05/12/1995 8.95   RICS 1995/104 30046930 06/08/2019 1 8.95 06/08/2019 Archive  
    Dewey Decimal Classification     London London RICS Boxes 05/12/1995 8.95   RICS 1995/104 30046931 06/08/2019 2 8.95 06/08/2019 Reference material  
    Dewey Decimal Classification     London London RICS Boxes 05/12/1995 8.95 8 RICS 1995/104 30046933 06/08/2019 4 8.95 06/08/2019 Book 22/02/2008